01707nam a22003137a 4500003000500000008004100005020001800046040000800064041001300072082001700085100003600102245002700138250002700165260005100192300003300243336002700276337003300303338002900336490001200365505019600377650011000573942001400683952016700697952016700864952011501031952011501146952011501261999001701376BPGM260626d1997 mx abo|g |||| 001 0 spa d a968-7377-19-4 bspa aspahspa04a972.451bL62 9LOARCA CASTILLO, EDUARDOeAUTOR aMUNICIPIO DE QUERETARO aPRIMERA EDICION b1997 aMEXICObGOBIERNO DEL ESTADO DE QUERETAROc1997 a94 paginas c21.2 cm x 14 cm 2rdacontentatextobtxt 2rdamediaasin mediaciónbn 2rdacarrieravolumen bnc0 aVOL. 14 aEs una obra histórica y cultural que recorre la evolución del municipio desde la época prehispánica hasta el siglo XX, resaltando personajes, tradiciones y monumentos emblemáticos.  aGEO0GRAFÍA E HISTORIAvHISTORIA GENERAL DE AMÉRICA DEL NORTExMESOAMÉRICA (AMÉRICA MEDIA)MÉXICO 2ddccCOLQ 00102ddc40728ESPQaBPCEFCbBPCEFCcSALA QUERÉTARO ACCESO B PLANTA ALTAd2026-06-26eDONACIÓNl0o972.451 /L62r2026-06-26 20:50:06tEJ.1w2026-06-26yCOLQ 00102ddc40728ESPQaBPCEFCbBPCEFCcSALA QUERÉTARO ACCESO B PLANTA ALTAd2026-06-26eDONACIÓNl0o972.451 /L62r2026-06-26 20:50:06tEJ.2w2026-06-26yCOLQ 00102ddc40728JUVaBPCEFCbBPCEFCd2026-06-30l0o972.451 L62r2026-06-30 20:28:17tEJ. 3w2026-06-30yCOLQ 00102ddc40728JUVaBPCEFCbBPCEFCd2026-06-30l0o972.451 L62r2026-06-30 20:28:17tEJ. 4w2026-06-30yCOLQ 00102ddc40728JUVaBPCEFCbBPCEFCd2026-06-30l0o972.451 L62r2026-06-30 20:28:17tEJ. 5w2026-06-30yCOLQ c68678d68678